[Event "Knighthood Blitz"]
[Site "Vishy Anand Arena"]
[Date "2020.08.01"]
[Round "6"]
[White "SubashRaj"]
[Black "Varun_nair"]
[Result "1/2-1/2"]
[WhiteElo "1591"]
[BlackElo "1660"]
[Annotator "NA"]
[PlyCount "119"]
[EventDate "2020.08.01"]
[EventType "swiss (blitz)"]

1. c4 e5 2. g3 Nc6 3. Bg2 d6 4. Nc3 Nf6 5. e4 Be6 6. d3 Be7 7. Nge2 O-O 8. O-O a5 9. Be3 a4 10. h3 Nd7 11. b3 a3 12. d4 exd4 13. Nxd4 Nxd4 14. Bxd4 Bf6 15. Nb5 Ne5 16. f4 Nc6 17. Bxf6 gxf6 18. Nd4 Nxd4 19. Qxd4 f5 20. exf5 Bxf5 21. Bxb7 Rb8 22. Be4 c5 23. Qd3 Bxe4 24. Qxe4 Qf6 25. Rad1 Rfe8 26. Qd3 Rbd8 27. Rfe1 Qg6 28. Rxe8+ Rxe8 29. Qxg6+ hxg6 30. Rxd6 Re2 31. Rd8+ Kg7 32. Kf1 Rxa2 33. Ke1 Rb2 34. Ra8 a2 35. Kd1 Rb1+ 36. Kc2 a1=Q 37. Rxa1 Rxa1 38. Kc3 Rg1 39. b4 cxb4+ 40. Kxb4 Rxg3 41. c5 Rg1 42. c6 Rc1 43. Kb5 Kf6 44. Kb6 Kf5 45. c7 Kxf4 46. Kb7 Kg3 47. c8=Q Rxc8 48. Kxc8 f5 49. Kd7 f4 50. Ke6 f3 51. h4 f2 52. h5 f1=Q 53. hxg6 Qh3+ 54. Kf7 Qg4 55. g7 Kf4 56. Kg8 Qc8+ 57. Kh7 Qf5+ 58. Kh8 Qc8+ 59. g8=Q Qxg8+ 60. Kxg8 1/2-1/2

[Event "Knighthood Blitz"]
[Site "Vishy Anand Arena"]
[Date "2020.08.01"]
[Round "6"]
[White "Leorider5143"]
[Black "hussaini786"]
[Result "0-1"]
[WhiteElo "1549"]
[BlackElo "1722"]
[Annotator "NA"]
[PlyCount "38"]
[EventDate "2020.08.01"]
[EventType "swiss (blitz)"]

1. e4 c5 2. Nc3 e6 3. Bc4 Nc6 4. Nf3 Nf6 5. d3 Be7 6. b3 O-O 7. Bb2 d5 8. exd5 exd5 9. Nxd5 Nxd5 10. Bxd5 Qxd5 11. O-O Bg4 12. h3 Bh5 13. c4 Qf5 14. g4 Qg6 15. Kh2 Bd6+ 16. Kh1 Bxg4 17. hxg4 Qxg4 18. Rg1 Qh3+ 19. Nh2 Qxh2# 0-1

[Event "Knighthood Blitz"]
[Site "Vishy Anand Arena"]
[Date "2020.08.01"]
[Round "6"]
[White "Ym27"]
[Black "Samay Raina"]
[Result "1-0"]
[WhiteElo "1543"]
[BlackElo "1661"]
[Annotator "NA"]
[PlyCount "143"]
[EventDate "2020.08.01"]
[EventType "swiss (blitz)"]

1. e4 c5 2. Nf3 Nc6 3. d4 cxd4 4. Nxd4 e5 5. Nf3 Nf6 6. Nc3 Bb4 7. Bd2 d6 8. a3 Ba5 9. Bd3 Bg4 10. h3 Bh5 11. O-O Nd4 12. Be2 Bxc3 13. Bxc3 Nxf3+ 14. Bxf3 Bg6 15. Re1 O-O 16. Bb4 a5 17. Bxd6 Re8 18. Bc5 b6 19. Be3 Qxd1 20. Raxd1 Nxe4 21. Bxb6 f5 22. Be3 Rac8 23. Bd2 Rxc2 24. Bc3 Nxc3 25. bxc3 Rxc3 26. Ra1 Rb3 27. Bd5+ Bf7 28. Bxf7+ Kxf7 29. a4 Reb8 30. Kh2 e4 31. g3 Rb2 32. Kg2 Rc8 33. Rac1 Rxc1 34. Rxc1 Ra2 35. Rc7+ Ke6 36. Rc6+ Kd5 37. Rc7 Rxa4 38. Rxg7 Rc4 39. Rxh7 a4 40. Rd7+ Kc5 41. Ra7 Kb6 42. Ra8 Rc5 43. Rxa4 Ra5 44. Rxa5 Kxa5 45. h4 Kb6 46. h5 Kc6 47. h6 Kd6 48. h7 Ke6 49. h8=Q Kf7 50. Qe5 e3 51. Qxe3 f4 52. Qxf4+ Kg6 53. Qg4+ Kh7 54. Qe4+ Kh6 55. f4 Kh5 56. Qe8+ Kh6 57. Qe6+ Kh7 58. Qh3+ Kg6 59. g4 Kg7 60. f5 Kf6 61. Qh4+ Kg7 62. Qg5+ Kf7 63. Qg6+ Kf8 64. g5 Ke7 65. Qg7+ Ke8 66. Qe5+ Kd8 67. f6 Kc8 68. f7 Kb7 69. f8=Q Kb6 70. Qfd6+ Ka7 71. Qee7+ Ka8 72. Qdd8# 1-0

[Event "Knighthood Blitz"]
[Site "Vishy Anand Arena"]
[Date "2020.08.01"]
[Round "6"]
[White "Gonda"]
[Black "Beastmaari"]
[Result "1-0"]
[WhiteElo "1517"]
[BlackElo "1759"]
[Annotator "NA"]
[PlyCount "93"]
[EventDate "2020.08.01"]
[EventType "swiss (blitz)"]

1. d4 Nf6 2. c4 g6 3. Nc3 Bg7 4. e4 d6 5. Nf3 O-O 6. h3 Na6 7. a3 e5 8. d5 Nc5 9. Bd3 a5 10. O-O Bd7 11. Be3 b6 12. Bc2 Nh5 13. b4 axb4 14. axb4 Rxa1 15. Qxa1 Nb7 16. Qa7 Qc8 17. Ba4 Bxa4 18. Qxa4 f5 19. Qc6 f4 20. Bd2 Nd8 21. Qa4 Bf6 22. Ra1 g5 23. Nh2 Bg7 24. Ng4 Nf6 25. Qa8 Qd7 26. Qa7 Nxg4 27. hxg4 Qxg4 28. f3 Qd7 29. Nb5 Rf7 30. Qa4 Bf6 31. Na7 Qe7 32. Nc6 Nxc6 33. Qxc6 Kg7 34. Be1 h5 35. Bf2 g4 36. Kf1 g3 37. Bg1 h4 38. c5 bxc5 39. bxc5 dxc5 40. Bxc5 Qd7 41. Qxd7 Rxd7 42. Ra7 Kg6 43. d6 Bd8 44. dxc7 Bxc7 45. Ke2 Kh5 46. Bb6 h3 47. gxh3 1-0

[Event "Knighthood Blitz"]
[Site "Vishy Anand Arena"]
[Date "2020.08.01"]
[Round "6"]
[White "Sohamshirode28"]
[Black "Lightsaber"]
[Result "0-1"]
[WhiteElo "1508"]
[BlackElo "2198"]
[Annotator "NA"]
[PlyCount "52"]
[EventDate "2020.08.01"]
[EventType "swiss (blitz)"]

1. c4 Nf6 2. Nc3 g6 3. g3 Bg7 4. Bg2 O-O 5. e4 e5 6. Nge2 Nc6 7. d3 d6 8. O-O Nd7 9. a3 a5 10. f4 f5 11. Nd5 Nc5 12. Rb1 a4 13. Nec3 Nd4 14. Nb5 c6 15. Nxd4 cxd5 16. Nb5 fxe4 17. dxe4 d4 18. fxe5 dxe5 19. Rxf8+ Bxf8 20. Bd2 Be6 21. Bf1 Qd7 22. Qc1 Nxe4 23. Bh6 Bc5 24. Bg5 d3+ 25. Kg2 Qc6 26. Bxd3 Nxg5+ 0-1

[Event "Knighthood Blitz"]
[Site "Vishy Anand Arena"]
[Date "2020.08.01"]
[Round "6"]
[White "Quality_959"]
[Black "Gowthamchess1356"]
[Result "0-1"]
[WhiteElo "1501"]
[BlackElo "1735"]
[Annotator "NA"]
[PlyCount "70"]
[EventDate "2020.08.01"]
[EventType "swiss (blitz)"]

1. d4 d5 2. Bf4 Nf6 3. e3 Nc6 4. Bb5 Bd7 5. Nf3 a6 6. Bd3 e6 7. c3 Bd6 8. Bg3 O-O 9. Nbd2 Re8 10. Ne5 Qe7 11. O-O h6 12. f4 Nd8 13. f5 exf5 14. Bxf5 Bxf5 15. Rxf5 Nc6 16. Ndf3 g6 17. Rf4 Nxe5 18. dxe5 Bxe5 19. Nxe5 Qxe5 20. Rf3 Qe7 21. Qd3 c6 22. Re1 Ne4 23. Ref1 Ng5 24. Bh4 Nxf3+ 25. Rxf3 Qxh4 26. g3 Qe4 27. Qf1 f5 28. h3 c5 29. g4 Rf8 30. gxf5 Rxf5 31. Rxf5 Qxf5 32. Qd1 Rf8 33. Kh1 Qf1+ 34. Qxf1 Rxf1+ 35. Kg2 Rb1 0-1

[Event "Knighthood Blitz"]
[Site "Vishy Anand Arena"]
[Date "2020.08.01"]
[Round "6"]
[White "Indrajeet4ever"]
[Black "Monideepbanerjee"]
[Result "1-0"]
[WhiteElo "1500"]
[BlackElo "1521"]
[Annotator "NA"]
[PlyCount "91"]
[EventDate "2020.08.01"]
[EventType "swiss (blitz)"]

1. d4 d5 2. Bf4 e6 3. Nf3 Nc6 4. e3 Bd6 5. Bg3 Nf6 6. c3 Ne4 7. Bxd6 Qxd6 8. Nbd2 Nxd2 9. Qxd2 Bd7 10. Bd3 f5 11. Rd1 O-O 12. O-O Ne7 13. Ne5 Bc8 14. f4 Nc6 15. Qf2 Nxe5 16. fxe5 Qe7 17. Qg3 h6 18. Rf4 Qg5 19. Rdf1 Qxg3 20. hxg3 g5 21. R4f2 Bd7 22. g4 fxg4 23. Bh7+ Kg7 24. Rxf8 Rxf8 25. Rxf8 Kxf8 26. Bg6 Ke7 27. Bh5 g3 28. Kf1 Be8 29. Bxe8 Kxe8 30. Ke2 h5 31. Kf3 Kf7 32. Kxg3 Kg6 33. b3 Kf5 34. Kf3 h4 35. c4 c6 36. cxd5 cxd5 37. b4 g4+ 38. Kf2 Ke4 39. a4 g3+ 40. Ke2 a6 41. b5 a5 42. b6 Kf5 43. Kf3 Kg5 44. e4 dxe4+ 45. Kxe4 Kg4 46. d5 1-0

[Event "Knighthood Blitz"]
[Site "Vishy Anand Arena"]
[Date "2020.08.01"]
[Round "6"]
[White "Angappan"]
[Black "Beradia"]
[Result "0-1"]
[WhiteElo "1490"]
[BlackElo "1588"]
[Annotator "NA"]
[PlyCount "86"]
[EventDate "2020.08.01"]
[EventType "swiss (blitz)"]

1. e4 c5 2. Nf3 Nc6 3. d4 cxd4 4. Nxd4 g6 5. Nc3 Bg7 6. Be3 a6 7. Bc4 Nf6 8. f3 Qc7 9. Qd2 Nxd4 10. Qxd4 O-O 11. Bb3 Ng4 12. Qd3 Nxe3 13. Qxe3 d6 14. O-O-O e5 15. Nd5 Qa5 16. h4 Be6 17. Ne7+ Kh8 18. h5 Bxb3 19. cxb3 Rac8+ 20. Kb1 b5 21. hxg6 fxg6 22. Nxg6+ Kg8 23. Nxf8 Bxf8 24. Qg5+ Bg7 25. Qh5 h6 26. Qg6 Qc7 27. Qe6+ Kh7 28. Qf5+ Kh8 29. Qe6 Qc2+ 30. Ka1 Rc6 31. Qe8+ Kh7 32. Rb1 a5 33. Qe6 a4 34. bxa4 bxa4 35. Qf5+ Kh8 36. Qg5 a3 37. Qc1 axb2+ 38. Qxb2 Qa4 39. Qb8+ Kh7 40. Qb3 Qxb3 41. Rxb3 Ra6 42. Rh5 Ra4 43. Rf5 d5 0-1

[Event "Knighthood Blitz"]
[Site "Vishy Anand Arena"]
[Date "2020.08.01"]
[Round "6"]
[White "Shubham37908"]
[Black "Gaurav306"]
[Result "0-1"]
[WhiteElo "1490"]
[BlackElo "1931"]
[Annotator "NA"]
[PlyCount "106"]
[EventDate "2020.08.01"]
[EventType "swiss (blitz)"]

1. d4 d5 2. Nc3 Nf6 3. Bg5 e6 4. g3 Be7 5. Bg2 Nbd7 6. Nf3 h6 7. Bxf6 Nxf6 8. O-O b6 9. Re1 Bb7 10. Nd2 O-O 11. e4 dxe4 12. Bxe4 Bxe4 13. Ndxe4 Nd5 14. Nxd5 exd5 15. Nc3 Bf6 16. Qd3 Qd7 17. Rad1 Rad8 18. Qb5 c6 19. Qa4 h5 20. Ne2 h4 21. Qb3 Rfe8 22. Nf4 Rxe1+ 23. Rxe1 Bxd4 24. gxh4 Qf5 25. Qf3 Be5 26. Rxe5 Qxe5 27. Kg2 Qe4 28. Qxe4 dxe4 29. Kg3 Rd2 30. Nh5 Rxc2 31. Kf4 Rxf2+ 32. Kxe4 Rxh2 33. Nf4 Rxh4 34. Kf3 Rxf4+ 35. Kxf4 g6 36. Kg5 Kg7 37. b4 f5 38. Kf4 Kf6 39. a3 g5+ 40. Kf3 Ke5 41. Ke3 f4+ 42. Kf3 Kf5 43. Kf2 g4 44. Kg2 Ke4 45. Kf2 g3+ 46. Kg2 Ke3 47. Kf1 f3 48. Ke1 g2 49. Kd1 g1=Q+ 50. Kc2 f2 51. Kb3 f1=Q 52. b5 Qxb5+ 53. Ka2 Qgb1# 0-1

[Event "Knighthood Blitz"]
[Site "Vishy Anand Arena"]
[Date "2020.08.01"]
[Round "6"]
[White "HRICK2008"]
[Black "Virgog"]
[Result "0-1"]
[WhiteElo "1488"]
[BlackElo "1506"]
[Annotator "NA"]
[PlyCount "84"]
[EventDate "2020.08.01"]
[EventType "swiss (blitz)"]

1. d4 Nf6 2. Bg5 e6 3. e4 h6 4. Bh4 g5 5. Bg3 Nxe4 6. Bd3 f5 7. Be5 Rg8 8. Qh5+ Ke7 9. Bxe4 fxe4 10. Nc3 d6 11. Bg3 Qe8 12. Qe2 d5 13. O-O-O Qg6 14. Nb5 Na6 15. h4 c6 16. Nd6 Kd7 17. Nxc8 Rxc8 18. hxg5 hxg5 19. Qg4 c5 20. Nh3 cxd4 21. Nxg5 Qxg5+ 22. Qxg5 Rxg5 23. Rh7+ Kc6 24. Rxd4 Rg7 25. Rh3 Bc5 26. Rd1 b5 27. a3 b4 28. axb4 Nxb4 29. Be5 Rf7 30. c3 Nd3+ 31. Kb1 Rxf2 32. b4 Rb2+ 33. Ka1 Rb8 34. Rh6 Rb5 35. Rxe6+ Kd7 36. Rf6 Bxb4 37. cxb4 R5xb4 38. Rxd3 exd3 39. Bxb2 d2 40. Kb1 d1=Q+ 41. Ka2 Qa4+ 42. Kb1 Rxb2+ 0-1

[Event "Knighthood Blitz"]
[Site "Vishy Anand Arena"]
[Date "2020.08.01"]
[Round "6"]
[White "Shikhar karn"]
[Black "Lazylemon123"]
[Result "1-0"]
[WhiteElo "1486"]
[BlackElo "1729"]
[Annotator "NA"]
[PlyCount "87"]
[EventDate "2020.08.01"]
[EventType "swiss (blitz)"]

1. e4 e5 2. Nf3 Nc6 3. Bc4 Nf6 4. Nc3 h6 5. d3 Bc5 6. Be3 Bxe3 7. fxe3 d6 8. h3 a6 9. a3 Na5 10. Ba2 Nc6 11. d4 exd4 12. exd4 O-O 13. d5 Ne7 14. O-O Ng6 15. Qd2 Bd7 16. Rae1 Qc8 17. e5 dxe5 18. Nxe5 Nxe5 19. Rxe5 Re8 20. Re3 Rxe3 21. Qxe3 Qe8 22. Qg3 Nh5 23. Qxc7 b5 24. d6 Ng3 25. Bxf7+ Qxf7 26. Rxf7 Kxf7 27. Qxd7+ Kg8 28. Qe6+ Kh8 29. d7 Rf8 30. Qe8 Rxe8 31. dxe8=Q+ Kh7 32. Qc6 b4 33. Qxa6 bxc3 34. bxc3 g5 35. c4 h5 36. c5 g4 37. hxg4 hxg4 38. c6 Kg8 39. c7 Kf7 40. c8=Q Ne2+ 41. Kf2 g3+ 42. Kxe2 Ke7 43. Qcb7+ Ke8 44. Qaa8# 1-0

[Event "Knighthood Blitz"]
[Site "Vishy Anand Arena"]
[Date "2020.08.01"]
[Round "6"]
[White "adireddyarjun"]
[Black "Unforgettable"]
[Result "1-0"]
[WhiteElo "1483"]
[BlackElo "2106"]
[PlyCount "117"]
[EventDate "2020.08.01"]
[EventType "swiss (blitz)"]

1. e4 e5 2. Nf3 Nc6 3. Bb5 a6 4. Ba4 Nf6 5. O-O Be7 6. Re1 b5 7. Bb3 d6 8. c3 O-O 9. h3 Na5 10. Bc2 c5 11. d4 exd4 12. cxd4 Nc6 13. dxc5 dxc5 14. Nc3 Qxd1 15. Rxd1 h6 16. Be3 Be6 17. Nd5 Bxd5 18. exd5 Nb4 19. Rac1 Nbxd5 20. Be4 Nxe3 21. Bxa8 Nxd1 22. Rxd1 Rxa8 23. Re1 Kf8 24. Ne5 Rc8 25. g4 c4 26. h4 Bb4 27. Re2 Bd6 28. g5 hxg5 29. hxg5 Nh5 30. Nd7+ Kg8 31. Nb6 Rd8 32. Kf1 Nf4 33. Rd2 Bc7 34. Rxd8+ Bxd8 35. Nd7 Bxg5 36. Nb8 Nd3 37. Nxa6 Nxb2 38. Nb4 Be7 39. Nc2 b4 40. Ke2 b3 41. axb3 cxb3 42. Nd4 Nc4 43. Nxb3 f5 44. Nd4 g6 45. Kf3 Kf7 46. Ne2 Kf6 47. Nf4 g5 48. Nd5+ Ke6 49. Nc7+ Kf7 50. Nd5 Bd6 51. Nc3 Ne5+ 52. Ke2 f4 53. Nb5 Be7 54. f3 Ke6 55. Nd4+ Kd5 56. Nb5 Kc4 57. Nc7 Bc5 58. Ne6 Bb6 59. Nxg5 1-0

[Event "Knighthood Blitz"]
[Site "Vishy Anand Arena"]
[Date "2020.08.01"]
[Round "6"]
[White "suresh agarwal"]
[Black "Anshuman Upadhyay"]
[Result "0-1"]
[WhiteElo "1464"]
[BlackElo "1414"]
[Annotator "NA"]
[PlyCount "56"]
[EventDate "2020.08.01"]
[EventType "swiss (blitz)"]

1. e4 e5 2. Nf3 Nc6 3. Bc4 Bc5 4. Ng5 Qxg5 5. d4 Qxg2 6. Kd2 Qxf2+ 7. Kc3 Bxd4+ 8. Kb3 Qe3+ 9. Bxe3 Bxe3 10. a3 Nd4+ 11. Ka2 Nf6 12. Nc3 O-O 13. Bd3 d6 14. Nd5 Nxd5 15. exd5 c6 16. dxc6 Be6+ 17. b3 Bd5 18. Re1 Bf4 19. cxb7 Bxb7 20. Be4 Bxe4 21. Rxe4 f5 22. Re1 Rac8 23. c4 d5 24. Rb1 dxc4 25. bxc4 Rxc4 26. Rb2 Rfc8 27. Qh5 g6 28. Qh3 Ne6 0-1

[Event "Knighthood Blitz"]
[Site "Vishy Anand Arena"]
[Date "2020.08.01"]
[Round "6"]
[White "divyang2003"]
[Black "Enthusiast"]
[Result "1-0"]
[WhiteElo "1458"]
[BlackElo "1517"]
[Annotator "NA"]
[PlyCount "97"]
[EventDate "2020.08.01"]
[EventType "swiss (blitz)"]

1. e4 e5 2. Nf3 d6 3. Bc4 Be7 4. h3 Nf6 5. Nc3 O-O 6. d3 Nc6 7. Be3 Be6 8. Bb3 a6 9. Qd2 Na5 10. O-O Nxb3 11. axb3 h6 12. Rfe1 Nh7 13. d4 exd4 14. Bxd4 Bf6 15. Rad1 Bxd4 16. Qxd4 Qf6 17. Qxf6 Nxf6 18. Rd2 Nh5 19. Nd5 Rac8 20. Ne7+ Kh8 21. Nxc8 Rxc8 22. Kh2 Nf6 23. g3 g5 24. Red1 g4 25. Ng1 gxh3 26. Nxh3 Nxe4 27. Re2 Nf6 28. Nf4 Ng4+ 29. Kg2 Re8 30. Nxe6 fxe6 31. f3 Ne5 32. Rde1 Kg7 33. f4 Nf7 34. Rxe6 Rd8 35. Re7 d5 36. Rxc7 Kf6 37. Ree7 Nd6 38. Red7 Rxd7 39. Rxd7 Ke6 40. Rxd6+ Kxd6 41. Kf3 Ke6 42. g4 Kf6 43. Ke3 b5 44. Kd4 Ke6 45. c3 Kd6 46. f5 a5 47. b4 a4 48. f6 Ke6 49. Kc5 1-0

[Event "Knighthood Blitz"]
[Site "Vishy Anand Arena"]
[Date "2020.08.01"]
[Round "6"]
[White "Sonubist"]
[Black "ABCD64"]
[Result "0-1"]
[WhiteElo "1456"]
[BlackElo "1578"]
[Annotator "NA"]
[PlyCount "36"]
[EventDate "2020.08.01"]
[EventType "swiss (blitz)"]

1. e4 e6 2. d4 d5 3. exd5 exd5 4. Bd3 Nc6 5. c3 Bd6 6. Ne2 Nge7 7. O-O Bf5 8. Ng3 Bxd3 9. Qxd3 Qd7 10. Be3 O-O 11. Nd2 Rae8 12. Nf3 a6 13. Rae1 f5 14. Bg5 f4 15. Bxe7 Rxe7 16. Ng5 g6 17. Ne2 Rfe8 18. h4 Qg4 0-1

[Event "Knighthood Blitz"]
[Site "Vishy Anand Arena"]
[Date "2020.08.01"]
[Round "6"]
[White "Subhranp"]
[Black "Mraa"]
[Result "1-0"]
[WhiteElo "1440"]
[BlackElo "1510"]
[Annotator "NA"]
[PlyCount "51"]
[EventDate "2020.08.01"]
[EventType "swiss (blitz)"]

1. e4 c5 2. Nf3 d6 3. Bb5+ Bd7 4. Bxd7+ Nxd7 5. O-O e6 6. Re1 Be7 7. c3 Qc7 8. d4 cxd4 9. cxd4 Rc8 10. Nc3 a6 11. a3 Ngf6 12. Bd2 Qb8 13. Qb3 b5 14. Rac1 O-O 15. h3 Nb6 16. Bg5 Nc4 17. Bxf6 Bxf6 18. d5 e5 19. Re2 Rc5 20. Rec2 Rfc8 21. a4 Na5 22. Qb4 Qb6 23. axb5 axb5 24. Na4 Rc4 25. Nxb6 Rxb4 26. Rxc8+ 1-0

[Event "Knighthood Blitz"]
[Site "Vishy Anand Arena"]
[Date "2020.08.01"]
[Round "6"]
[White "Masters22"]
[Black "Pranav104"]
[Result "1-0"]
[WhiteElo "1410"]
[BlackElo "1104"]
[Annotator "NA"]
[PlyCount "23"]
[EventDate "2020.08.01"]
[EventType "swiss (blitz)"]

1. Nf3 e6 2. Nc3 Nc6 3. d4 Nb8 4. e4 c5 5. d5 exd5 6. Nxd5 c4 7. Bxc4 a6 8. O-O b5 9. Bb3 Bb7 10. Be3 Bxd5 11. Qxd5 Nc6 12. Qxf7# 1-0

[Event "Knighthood Blitz"]
[Site "Vishy Anand Arena"]
[Date "2020.08.01"]
[Round "6"]
[White "SudiNarayana"]
[Black "Hamza dhariwala"]
[Result "0-1"]
[WhiteElo "1401"]
[BlackElo "1244"]
[Annotator "NA"]
[PlyCount "62"]
[EventDate "2020.08.01"]
[EventType "swiss (blitz)"]

1. e4 e5 2. Nf3 Nc6 3. Bc4 Nf6 4. d3 Bc5 5. c3 O-O 6. O-O d6 7. b3 Be6 8. b4 Bb6 9. Bxe6 fxe6 10. Bg5 h6 11. Bxf6 Qxf6 12. Nbd2 d5 13. Re1 a5 14. bxa5 Bxa5 15. Nb3 Bxc3 16. Re3 Bxa1 17. Qb1 d4 18. Qxa1 dxe3 19. fxe3 g5 20. Nc5 g4 21. Nd2 Rab8 22. Nxb7 Rxb7 23. Qc1 Nb4 24. Qb1 c5 25. Qf1 Nxa2 26. Qxf6 Rxf6 27. h4 gxh3 28. gxh3 Rg6+ 29. Kf2 Rf7+ 30. Ke1 Rg1+ 31. Ke2 Nc1# 0-1

[Event "Knighthood Blitz"]
[Site "Vishy Anand Arena"]
[Date "2020.08.01"]
[Round "6"]
[White "sohanpatnaik"]
[Black "Ruben1070"]
[Result "1-0"]
[WhiteElo "1355"]
[BlackElo "1298"]
[Annotator "NA"]
[PlyCount "121"]
[EventDate "2020.08.01"]
[EventType "swiss (blitz)"]

1. Nf3 c5 2. d3 Nc6 3. e4 d6 4. Nc3 Nf6 5. Be2 g6 6. h3 Bg7 7. O-O O-O 8. Bd2 a6 9. a3 Be6 10. Rc1 Rb8 11. Rb1 Rc8 12. Re1 Bd7 13. Qc1 Re8 14. Bh6 Bh8 15. Bd2 Be6 16. Ra1 Bd7 17. Be3 Rb8 18. Qd2 Na5 19. Rab1 Nc6 20. Rf1 b5 21. Rfd1 a5 22. Bf1 b4 23. axb4 axb4 24. Ne2 Ra8 25. Ra1 Rb8 26. Rab1 Qc7 27. c3 b3 28. d4 cxd4 29. Bxd4 Nxd4 30. Qxd4 Nh5 31. Qd3 Nf6 32. Ng3 Bc6 33. Re1 Bb5 34. Qe3 Bxf1 35. Kxf1 Qc4+ 36. Kg1 Qc7 37. Nd2 Qd7 38. Qe2 Qd8 39. Qc4 Qc8 40. Qxc8 Rexc8 41. Re2 Re8 42. f3 Red8 43. Kh2 Re8 44. Rf2 Rec8 45. Re2 Rd8 46. Rf2 d5 47. Re2 dxe4 48. Ngxe4 Nxe4 49. Nxe4 e6 50. Kg1 Rd7 51. Kf2 Rdd8 52. g3 Re8 53. Nd2 Re7 54. Re3 Rd7 55. Ke2 Rdd8 56. g4 Re8 57. h4 e5 58. Rh1 Red8 59. h5 Rb7 60. Rg1 Rc8 61. g5 1-0

[Event "Knighthood Blitz"]
[Site "Vishy Anand Arena"]
[Date "2020.08.01"]
[Round "6"]
[White "Cheetah2020"]
[Black "PrabhuBadkas"]
[Result "0-1"]
[WhiteElo "1353"]
[BlackElo "1422"]
[Annotator "NA"]
[PlyCount "40"]
[EventDate "2020.08.01"]
[EventType "swiss (blitz)"]

1. e4 e5 2. d3 Nc6 3. Nc3 h6 4. Be2 Nf6 5. b3 Bb4 6. Bd2 b6 7. Nf3 Bb7 8. O-O d6 9. Nd5 Nxd5 10. exd5 Bxd2 11. Qxd2 Ne7 12. c4 O-O 13. d4 c6 14. dxe5 cxd5 15. cxd5 Nxd5 16. exd6 Qxd6 17. Bc4 Qg6 18. Ne5 Qe4 19. Nd7 Nc3 20. Nxf8 Qxg2# 0-1

[Event "Knighthood Blitz"]
[Site "Vishy Anand Arena"]
[Date "2020.08.01"]
[Round "6"]
[White "Ggupta211"]
[Black "slienteyes"]
[Result "0-1"]
[WhiteElo "1323"]
[BlackElo "2093"]
[Annotator "NA"]
[PlyCount "52"]
[EventDate "2020.08.01"]
[EventType "swiss (blitz)"]

1. e4 c5 2. Nf3 d6 3. d4 cxd4 4. Nxd4 Nf6 5. Nc3 a6 6. Be3 e5 7. Nb3 Be7 8. Qd2 Be6 9. O-O-O Nbd7 10. f3 h5 11. Kb1 Rc8 12. Rg1 b5 13. Bxb5 axb5 14. Nxb5 d5 15. a4 d4 16. Bf2 Bxb3 17. cxb3 Nc5 18. Ka2 Qd7 19. Rc1 O-O 20. Rc4 Ra8 21. Rgc1 Qxb5 22. Kb1 Nxb3 23. Qc2 Rxa4 24. Rxa4 Qxa4 25. Qc7 Qa1+ 26. Kc2 Qxc1+ 0-1

[Event "Knighthood Blitz"]
[Site "Vishy Anand Arena"]
[Date "2020.08.01"]
[Round "6"]
[White "Syamantak"]
[Black "Devraj"]
[Result "1-0"]
[WhiteElo "1314"]
[BlackElo "1264"]
[Annotator "NA"]
[PlyCount "71"]
[EventDate "2020.08.01"]
[EventType "swiss (blitz)"]

1. d4 d5 2. Nf3 e6 3. Bf4 Nc6 4. e3 Nf6 5. c4 Bd6 6. Bg3 Bxg3 7. hxg3 dxc4 8. Bxc4 O-O 9. Nc3 h6 10. Qc2 a6 11. Ne5 Nxe5 12. dxe5 Nd5 13. Nxd5 exd5 14. Bd3 f5 15. O-O c6 16. Rad1 b5 17. Qxc6 Ra7 18. Be2 Bb7 19. Qc5 Qc8 20. Qxc8 Bxc8 21. Rxd5 Bb7 22. Rd7 Bc6 23. Rc7 Rxc7 24. Rc1 Rfc8 25. Rd1 Rd7 26. Rc1 Rdc7 27. Rd1 Be4 28. Rd6 Rc1+ 29. Kh2 Rd1 30. Rxd1 Bc2 31. Rd6 Bb1 32. Rxa6 Rc2 33. Bxb5 Rxb2 34. Bc4+ Kh7 35. e6 Kg6 36. e7+ 1-0

[Event "Knighthood Blitz"]
[Site "Vishy Anand Arena"]
[Date "2020.08.01"]
[Round "6"]
[White "Raunak_Bhatnagar"]
[Black "ThakurUdaiveer"]
[Result "0-1"]
[WhiteElo "1257"]
[BlackElo "1243"]
[Annotator "NA"]
[PlyCount "56"]
[EventDate "2020.08.01"]
[EventType "swiss (blitz)"]

1. e4 c5 2. Nf3 d6 3. d4 cxd4 4. Nxd4 Nf6 5. Nc3 a6 6. Nf3 e6 7. Bg5 Be7 8. Bd3 O-O 9. O-O Nbd7 10. a3 b5 11. b4 Bb7 12. Bc1 Qc7 13. Bb2 Rfd8 14. Rb1 Nb6 15. Qe2 d5 16. e5 Nfd7 17. Ng5 Bxg5 18. Qf3 Nxe5 19. Rfe1 Nxf3+ 20. gxf3 d4 21. Ne2 Bxf3 22. Ng3 Bf4 23. c3 dxc3 24. Ba1 Bxg3 25. fxg3 Rxd3 26. Rf1 Be4 27. Rbe1 Rxg3+ 28. hxg3 Qxg3# 0-1

[Event "Knighthood Blitz"]
[Site "Vishy Anand Arena"]
[Date "2020.08.01"]
[Round "6"]
[White "Adityaghule"]
[Black "Cool_chess"]
[Result "0-1"]
[WhiteElo "1256"]
[BlackElo "1317"]
[Annotator "NA"]
[PlyCount "66"]
[EventDate "2020.08.01"]
[EventType "swiss (blitz)"]

1. d4 Nf6 2. c4 c5 3. d5 b5 4. cxb5 a6 5. bxa6 Bxa6 6. Nc3 g6 7. e4 Bxf1 8. Kxf1 Bg7 9. g3 O-O 10. Nf3 d6 11. Kg2 Nbd7 12. Be3 Qa5 13. Qd2 Rfb8 14. Rab1 Ng4 15. Bf4 Nge5 16. Nxe5 Nxe5 17. Bh6 Nc4 18. Qf4 Rxb2 19. Bxg7 Kxg7 20. Rxb2 Nxb2 21. Qd2 Nc4 22. Qc2 Na3 23. Qb3 Qb4 24. Qxb4 cxb4 25. Nb1 Nc4 26. Rc1 Ne5 27. Rc2 Nd3 28. Nd2 Ne1+ 29. Kf1 Nxc2 30. Nb3 Rxa2 31. Nd2 Ne3+ 32. Ke2 Nc4 33. Kd3 Nxd2 0-1

[Event "Knighthood Blitz"]
[Site "Vishy Anand Arena"]
[Date "2020.08.01"]
[Round "6"]
[White "Chesslovers143"]
[Black "Chessworld1"]
[Result "0-1"]
[WhiteElo "1172"]
[BlackElo "2512"]
[Annotator "NA"]
[PlyCount "60"]
[EventDate "2020.08.01"]
[EventType "swiss (blitz)"]

1. e4 c5 2. Nf3 e6 3. Be2 a6 4. O-O Nc6 5. d4 cxd4 6. Nxd4 Qc7 7. c4 Nf6 8. Nc3 h5 9. h3 b6 10. Nxc6 dxc6 11. Be3 Bb7 12. f4 c5 13. Qc2 O-O-O 14. a4 Rd4 15. Bxd4 cxd4 16. e5 Bc5 17. Kh2 Ng4+ 18. Bxg4 hxg4 19. Ne4 gxh3 20. gxh3 Qe7 21. Nxc5 bxc5 22. Qd2 Qh4 23. Ra3 Qh5 24. Rg1 Qh7 25. Rb3 Qe4 26. Rbg3 g6 27. Re1 Qc6 28. b3 Rh5 29. b4 cxb4 30. Qxb4 Rh8 0-1

[Event "Knighthood Blitz"]
[Site "Vishy Anand Arena"]
[Date "2020.08.01"]
[Round "6"]
[White "Chessplayer324"]
[Black "Karsanjib"]
[Result "1-0"]
[WhiteElo "1152"]
[BlackElo "1296"]
[Annotator "NA"]
[PlyCount "75"]
[EventDate "2020.08.01"]
[EventType "swiss (blitz)"]

1. d4 d5 2. c4 Nf6 3. Nf3 e6 4. Nc3 Bb4 5. Bd2 O-O 6. a3 Bxc3 7. Bxc3 Nc6 8. e3 h6 9. Be2 a6 10. O-O Ne7 11. Ne5 b5 12. c5 Bb7 13. a4 bxa4 14. Qxa4 c6 15. b4 Ne4 16. Rfc1 Ng6 17. Nxc6 Bxc6 18. Qxc6 Qc8 19. Qxc8 Rfxc8 20. Bxa6 Rc7 21. f3 Nxc3 22. Rxc3 Rca7 23. Rca3 Ne7 24. b5 Nf5 25. b6 Re7 26. c6 Rb8 27. c7 Ra8 28. c8=Q+ Rxc8 29. Bxc8 Re8 30. b7 Nd6 31. b8=Q Nxc8 32. Rb1 Kf8 33. Qb4+ Ne7 34. Ra7 g6 35. Rc1 h5 36. Rc8 g5 37. Rxe8+ Kxe8 38. Qxe7# 1-0

[Event "Knighthood Blitz"]
[Site "Vishy Anand Arena"]
[Date "2020.08.01"]
[Round "6"]
[White "RIJUD"]
[Black "prasanthkp1"]
[Result "0-1"]
[WhiteElo "1143"]
[BlackElo "1205"]
[Annotator "NA"]
[PlyCount "68"]
[EventDate "2020.08.01"]
[EventType "swiss (blitz)"]

1. Nf3 e6 2. e3 c5 3. c4 Nf6 4. b3 Nc6 5. Nc3 d5 6. d4 Qa5 7. Bb2 Bd6 8. g3 O-O 9. Bg2 Re8 10. O-O dxc4 11. bxc4 Qb6 12. Rb1 cxd4 13. Ba3 Qc7 14. exd4 Bxa3 15. Nb5 Qa5 16. Re1 a6 17. Nd6 Bxd6 18. c5 Bc7 19. a4 Bd7 20. Ng5 h6 21. Ne4 Nxe4 22. Rxe4 Ne7 23. Rg4 Bxa4 24. Qe2 Bb5 25. Qe3 Nf5 26. Qb3 Bc6 27. Bxc6 bxc6 28. Qf3 Rad8 29. h4 Rxd4 30. Re4 Nd6 31. Rxd4 Nf5 32. Rdb4 Qxc5 33. Rb8 Bxb8 34. Rd1 Bc7 0-1